| 000 | 00599nam a2200205 4500 | ||
|---|---|---|---|
| 003 | OSt | ||
| 005 | 20221117102240.0 | ||
| 008 | 221111b |||||||| |||| 00| 0 eng d | ||
| 020 | _a9968 9795 0 3 | ||
| 040 | _cBiblioteca Lado V | ||
| 082 |
_a861BE _bS194c |
||
| 100 |
_9443 _aSanchez, Jose _eautor |
||
| 245 | _aConch She II/ | ||
| 260 |
_c2000 _aBelice |
||
| 300 |
_a60p. _c14x22cm |
||
| 650 |
_2Tesauro de Arte & Arquitectura _aPOESIA |
||
| 650 |
_2Tesauro de Arte & Arquitectura _aARTE |
||
| 650 |
_2Tesauro de Arte & Arquitectura _aARTE LITERARIO |
||
| 942 |
_2ddc _c1 _h861BE _iS194c _n0 |
||
| 999 |
_c2662 _d2662 |
||